000 00596nam a22002177a 4500
003 UA-OsUOA
001 56088
007 ta
008 20080930b un ||||| |||| 00| 0 ukr d
100 _aСтепин С.В.
090 _a101
_bС79
942 _cSA
040 _aUA-OsUOA
_brus
_cUA-OsUOA
_dUA-OsUOA
245 _aФилософия рилигии в социокультурном контексте (памяти Л.Н.Митрофина)
300 _aС.4-15
955 _a0
041 _arus
080 _a101
773 0 _w56087
650 7 _a1 Філософські науки
_2UDC
999 _c342134
_d342134